Algérie. /

Guardado en:
Autor Corporativo: Congres Géologique International. 19
Formato: Libro
Idioma:French
Etiquetas: Agregar Etiqueta
Sin Etiquetas, Sea el primero en etiquetar este registro!
LEADER 00398nam a22001215a 4500
001 EUN.um019807
003 AR-BaUNS
005 20050623122859.0
008 041125b########xx############000#0#fre#d
245 1 0 |a Algérie. /  |c Congres Géologique International. 19. 
082 0 4 |a 550.63 
110 2 |a Congres Géologique International. 19  |c Alger, 1952. 
859 |a Ar-BaUNS  |b BIB. CENTRAL - Sector C  |h 550.63  |i C76-2  |p 47535/968  |v 19 1-2